| 000 | 01804nam0a2200313 4500 | ||
|---|---|---|---|
| 001 | RU\NLR\bibl\1652835 | ||
| 005 | 20250616034110.0 | ||
| 010 |
_a978-5-88293-245-8 _9300 |
||
| 021 |
_aRU _b2010-42613 _92856 |
||
| 035 | _a(NLR Aleph) 001644153 | ||
| 090 |
_a880688 _c880688 |
||
| 100 | _a20100707d2009 |||y0rusy50 ca | ||
| 101 | 0 | _arus | |
| 102 | _aRU | ||
| 105 | _ag ||||||||| | ||
| 200 | 1 |
_aИсторический аспект формирования исполнительского стиля концертмейстера _eучебное пособие _e[для студентов II-V курсов инструментально-исполнительского факультета специальности 070101 Инструментальное исполнительство, специализации "Фортепиано"] _fО.Г. Дарвина _gМ-во культуры Рос. Федерации, федер. гос. образоват. учреждение высш. проф. образования "Сам. гос. акад. культуры и искусств" |
|
| 210 |
_aСамара _cСамарская государственная академия культуры и искусств _d2009 |
||
| 215 |
_a119 с. _cнот. _d21 |
||
| 320 | _aБиблиогр.: с. 118-119 (22 назв.) | ||
| 606 | 1 |
_aКонцертмейстерское искусство _jУчебные издания для высших учебных заведений _91348554 _3RU\NLR\auth\66562943 |
|
| 686 | _aЩ310.704 | ||
| 686 | _aЩ313(0)-67 | ||
| 700 | 1 |
_aДарвина _bО. Г. _gОльга Геннадьевна _4070 |
|
| 801 | 0 |
_aRU _bNLR _c20100707 _gRCR |
|
| 801 | 1 |
_aRU _bNLR _c20100707 |
|
| 830 | _aавт. по кн. | ||
| 942 | _cBOOK | ||
| 980 | _aNB | ||